000 00601nam a22002057a 4500
999 _c17756
_d17756
003 AR-CdUCM
008 190509b ||||| |||| 00| 0 spa d
040 _aMUNICIPALIDAD PROVINCIAL DEL CUSCO
_cBIBLIOTECA MUNICIPAL DEL CUSCO
082 _a869.56 /
_bC32
100 _aCassinelli, Caty
_937931
245 _aTiempo seco :
_bnovela /
260 _aLima :
_bLenta,
_c1944.
300 _a205 páginas ;
_c21 cm.
505 _aContenido: Novela.
650 _aNovela Peruana
_910636
650 _aLiteratura Peruana
_9132
650 _aSiglo XX
_98
942 _2ddc
_cLIBROS
945 _aachl
_d2019-05-09